1218 1441 1671 1708 1741 1992 1673 1121 1509 1248 1904 1018 1899 1375 1368 1689 1692 1925 1001 1244 1966 1142 1505 1281 1610 1812 1483 1518 1825 1622 1713 1779 1440 1767 1334 1185 1248 1938 1590 1767 1749 1714 1408 1614 1124 1425 1546 1242 1907 1428 1020 1541 1941 1022 1698 1732 1367 1679 1677 1008 1528 1639 1638 1060 1891 1785 1102 1180 1806 1574 1992 1950 1751 1134 1921 1228 1577 1523 1749 1759 1071 1551 1870 1216 1934 1178 1095 1284 1757 1273 1562 1126 1370 1353 1233 1758 1656 1479 1040 BCNSPRNW ULIB Ver.6.0+V

เปลี่ยนเป็นภาษาไทย

Change to English
 แสดงรายละเอียดบรรณานุกรม
  กลับหน้าหลัก

Brief Record : Get Marc (ISO 2709) : E-mail record : QR code < ปิดหน้าต่าง
LEADER : 00000nam 2200000uu 4500
001    13399112288
003     ULIB
008    110802s2547||||th 000 0 tha d
020    9749115309
040    bns
050  4 HD57.7^bน785ภ 2547
100 0  เนตร์พัณณา ยาวิราช
245 10 ภาวะผู้นำและผู้นำเชิงกลยุทธ์ =^bLeadership and strategic leaders /^cเนตร์พัณณา ยาวิราช
246 31 Leadership and strategic leaders
250    พิมพ์ครั้งที่ 3
260    กรุงเทพฯ :^bเซ็นทรัลเอ็กซ์เพรส,^c2547
300    214 หน้า :^bภาพประกอบ ;^c27 ซม.
650  4 ภาวะผู้นำ
650  4 ผู้นำ
945    ^p180^l0^i016875
945    ^p180^l0^i016876
995    ทศพร
999 ^a ทศพร
รายการนี้ยังไม่มีแท็ก
คุณยังไม่ได้ล็อกอิน คุณสามารถมีกิจกรรมร่วมกับเว็บไซต์ได้ แต่ต้องล็อกอินก่อน ::
  ล็อกอิน

รายการสื่อสารสนเทศ

ลำดับที่ ประเภท เลขเรียก/บาร์โค้ด สถานที่ สถานะ
- ไม่พบข้อมูล -

รายการใกล้เคียง
    ผู้แต่ง [เนตร์พัณณา ยาวิราช]

    หัวเรื่อง [ภาวะผู้นำ]
    หัวเรื่อง [ผู้นำ]

BibComment


ยังไม่เคยถูกคอมเมนท์

คอมเมนท์ทรัพยากรรายการนี้
  คอมเมนท์: ภาวะผู้นำและผู้นำ..


 Copyright 2026. Bcnsprnw @Library